00840nam a2200193 i 450000100060000000300090000600700030001500800410001810000280005924502170008726000670030430000200037170000290039170000270042070000280044785200320047599900170050795201220052428189ES-MaACLt|030116s1944 ag ||||1| spa d1 aBachmann, Alois.92448010aMicrobiología / cCurso en base a conferencias dictadas por Alois Bachmann y por los profesores adjuntos doctores Ruperto Quiroga y Pablo Negroni ; [publicado] por Silvio Fidanza ; prólogo de Ruperto Quiroga. aBuenos Aires : bVázquez, c1944 (fMacagno, Landa y Cía.) a2 v. ; c26 cm.1 aQuiroga, Ruperto.9947761 aNegroni, Pablo.9853221 aFidanza, Silvio.950689 aES-MaACLjE-62-63 bR.22418 c28189d28189 00104070aATENEOMbATENEOMcDEPO2d2008-01-17eSCl0oE-62-63p1029102r2023-02-23 00:00:00w2023-02-23yMONOGRAFIA